000 00668nam a2200241Ia 4500
005 20250108125005.0
008 008 250107s9999 xx 000 0 eng d
020 _a978-93-83513-82-6
037 _aTB
040 _aCRL
_beng
_cCRL
041 _aeng
_2eng
084 _aT4:(X36) P5
084 _qCRL
100 _aSaraswati Niranjanananda Au.
245 0 _aYoga education for children
_cSaraswati Niranjanananda Au.
260 _aBihar, India
_bYoga Publications
_c2912
365 _aINR
_b395
490 _a2013 Golden Jubilee Edition
490 _vVol. 1
650 _aSPIRITUALISM
942 _cTB
_hT4:(X36) P5
999 _c1235300
_d1235300